Finnish Formula One Winners - Statistics

General Stats
  • This quiz has been taken 506 times
    470 since last reset
  • The average score is 5 of 5
Answer Stats
First win (year) Driver % Correct
2003 Kimi Räikkönen
97%
2017 Valtteri Bottas
96%
1997 Mika Häkkinen
94%
1982 Keke Rosberg
84%
2008 Heikki Kovalainen
82%
No matching quizzes found
Score Distribution
Percent of People with Each Score
Percentile by Number Answered
Your Score History
You have not taken this quiz since the last reset